Кощеевы земли: роман

書目詳細資料
主要作者: Самсонов А. Н. Александр Николаевич
總結:...Красный леопард готовился к прыжку. Татуировка на плече Никиты загадочно змеилась, и он все никак не мог понять: реальность это или морок? Но первая же охота показала, что и родовой знак, переданный дедом, и Кощей со своими подданными - ведьмами, лешими, домовыми, кикиморами, и звери из-за Черных Камней - земного рубежа, который охраняли потомки древнего рода бояр Басановых, и многое другое, непонятное, невиданное, сказочное, - не вымысел. Вот они, рядом: осторожные и обаятельные волки-оборотни Рудольф и Мелисса, верный домовой Филя, сам Лесной Хозяин с супругой Бабой-ягой. И задачи у них такие же, как и у людей, - самим выжить и родную природу защитить. Значит, вместе им надо сражаться с иномирной нечистью, которая норовит в земной мир проникнуть... Да еще земных нелюдей урезонить: всяких там упырей, карликов, потерявших совесть мародеров. И тут уж в ход вдет любое оружие: и клыки с когтями, и заклинания, и старинные арбалеты, и просто современные карабины с автоматами.
語言:俄语
出版: Москва, Армада, 2005
叢編:Магия фэнтези
主題:
格式: MixedMaterials 圖書
KOHA link:https://koha.lib.tpu.ru/cgi-bin/koha/opac-detail.pl?biblionumber=105507

MARC

LEADER 00000nam0a2200000 4500
001 105507
005 20231031114427.0
010 |a 5935565994 
035 |a (RuTPU)RU\TPU\book\113853 
090 |a 105507 
100 |a 20061117d2005 m y0rusy50 ca 
101 0 |a rus 
102 |a RU 
105 |a y z 000ay 
200 1 |a Кощеевы земли  |e роман  |f А. Н. Самсонов 
210 |a Москва  |c Армада  |d 2005 
215 |a 440 с. 
225 1 |a Магия фэнтези 
330 |a ...Красный леопард готовился к прыжку. Татуировка на плече Никиты загадочно змеилась, и он все никак не мог понять: реальность это или морок? Но первая же охота показала, что и родовой знак, переданный дедом, и Кощей со своими подданными - ведьмами, лешими, домовыми, кикиморами, и звери из-за Черных Камней - земного рубежа, который охраняли потомки древнего рода бояр Басановых, и многое другое, непонятное, невиданное, сказочное, - не вымысел. Вот они, рядом: осторожные и обаятельные волки-оборотни Рудольф и Мелисса, верный домовой Филя, сам Лесной Хозяин с супругой Бабой-ягой. И задачи у них такие же, как и у людей, - самим выжить и родную природу защитить. Значит, вместе им надо сражаться с иномирной нечистью, которая норовит в земной мир проникнуть... Да еще земных нелюдей урезонить: всяких там упырей, карликов, потерявших совесть мародеров. И тут уж в ход вдет любое оружие: и клыки с когтями, и заклинания, и старинные арбалеты, и просто современные карабины с автоматами. 
610 1 |a русская литература 
610 1 |a романы 
610 1 |a фэнтези 
675 |a Р2  |v 3 
700 1 |a Самсонов  |b А. Н.  |g Александр Николаевич 
801 1 |a RU  |b 63413507  |c 20061117  |g PSBO 
801 2 |a RU  |b 63413507  |c 20061204  |g PSBO 
942 |c BK